<?xml version="1.0" encoding="UTF-8"?><?xml-stylesheet type="text/xsl" href="static/style.xsl"?><OAI-PMH xmlns="http://www.openarchives.org/OAI/2.0/" xmlns:xsi="http://www.w3.org/2001/XMLSchema-instance" xsi:schemaLocation="http://www.openarchives.org/OAI/2.0/ http://www.openarchives.org/OAI/2.0/OAI-PMH.xsd"><responseDate>2026-04-14T02:57:27Z</responseDate><request verb="GetRecord" identifier="oai:www.recercat.cat:10256/1615" metadataPrefix="marc">https://recercat.cat/oai/request</request><GetRecord><record><header><identifier>oai:recercat.cat:10256/1615</identifier><datestamp>2024-05-22T09:52:21Z</datestamp><setSpec>com_2072_452966</setSpec><setSpec>com_2072_2054</setSpec><setSpec>col_2072_452967</setSpec></header><metadata><record xmlns="http://www.loc.gov/MARC21/slim" xmlns:dcterms="http://purl.org/dc/terms/" xmlns:xsi="http://www.w3.org/2001/XMLSchema-instance" xmlns:doc="http://www.lyncode.com/xoai" xsi:schemaLocation="http://www.loc.gov/MARC21/slim http://www.loc.gov/standards/marcxml/schema/MARC21slim.xsd">
   <leader>00925njm 22002777a 4500</leader>
   <datafield ind2=" " ind1=" " tag="042">
      <subfield code="a">dc</subfield>
   </datafield>
   <datafield ind2=" " ind1=" " tag="720">
      <subfield code="a">Garrido Castells, Francesc</subfield>
      <subfield code="e">author</subfield>
   </datafield>
   <datafield ind2=" " ind1=" " tag="260">
      <subfield code="c">2009-05</subfield>
   </datafield>
   <datafield ind2=" " ind1=" " tag="520">
      <subfield code="a">La dinàmica de fluids computacional (CFD) és una eina que serveix per analitzar mitjançant&#xd;
computadors diferents problemes que involucren fluxos de fluids. Els programes de CFD usen expressions matemàtiques no lineals que defineixen les equacions fonamentals de fluxos i transport de calor en fluids. Aquestes es resolen amb complexos algoritmes iteratius. Actualment aquesta eina és una part fonamental en els procés de disseny en moltes empreses relacionades amb la dinàmica de fluids. Les simulacions que es realitzen amb&#xd;
aquests programes s’ha demostrat que són fiables i que estalvien temps i diners, ja que eviten haver de realitzar els costosos processos d’assaig-error. En el projecte s’utilitza el programa de CFD Ansys CFX 11.0 per simular una agitació bifàsica composta per aigua i aire a temperatura ambient. Els objectius són determinar els paràmetres òptims de simulació que permetin recrear aquesta agitació, per posteriorment dissenyar un nou impulsor</subfield>
   </datafield>
   <datafield ind1="8" ind2=" " tag="024">
      <subfield code="a">http://hdl.handle.net/10256/1615</subfield>
   </datafield>
   <datafield tag="653" ind2=" " ind1=" ">
      <subfield code="a">Dinàmica de fluids computacional</subfield>
   </datafield>
   <datafield tag="653" ind2=" " ind1=" ">
      <subfield code="a">Dinàmica de fluids -- Simulació per ordinador</subfield>
   </datafield>
   <datafield tag="653" ind2=" " ind1=" ">
      <subfield code="a">Computational fluid dynamics</subfield>
   </datafield>
   <datafield tag="653" ind2=" " ind1=" ">
      <subfield code="a">Fluid dynamics -- Computer simulation</subfield>
   </datafield>
   <datafield ind2="0" ind1="0" tag="245">
      <subfield code="a">Desenvolupament d’una metodologia de simulació mitjançant programari CFD per a la optimització d’agitadors</subfield>
   </datafield>
</record></metadata></record></GetRecord></OAI-PMH>